Developing secure distributed applications with CORBA(E-BOOK) (Record no. 192136)
[ view plain ]
| 000 -LEADER | |
|---|---|
| fixed length control field | 01181 a2200241 4500 |
| 003 - CONTROL NUMBER IDENTIFIER | |
| control field | Nust |
| 005 - DATE AND TIME OF LATEST TRANSACTION | |
| control field | 20170207154030.0 |
| 020 ## - INTERNATIONAL STANDARD BOOK NUMBER | |
| International Standard Book Number | 1-58053-295-0 ; |
| 040 ## - CATALOGING SOURCE | |
| Transcribing agency | Nust |
| 082 0# - DEWEY DECIMAL CLASSIFICATION NUMBER | |
| Classification number | 005.8 |
| 100 1# - MAIN ENTRY--PERSONAL NAME | |
| Personal name | Lang, Ulrich |
| 245 00 - TITLE STATEMENT | |
| Title | Developing secure distributed applications with CORBA(E-BOOK) |
| Statement of responsibility, etc. | Ulrich Lang, Rudolf Schreiner |
| 260 ## - PUBLICATION, DISTRIBUTION, ETC. | |
| Place of publication, distribution, etc. | Boston ; |
| -- | London : |
| Name of publisher, distributor, etc. | Artech House, |
| Date of publication, distribution, etc. | cop. 2002 |
| 300 ## - PHYSICAL DESCRIPTION | |
| Extent | xvii, 311s. : |
| Other physical details | ill. ; |
| Dimensions | 23 cm |
| 490 0# - SERIES STATEMENT | |
| Series statement | Artech House computer security series |
| 505 ## - FORMATTED CONTENTS NOTE | |
| Formatted contents note | Part I: CORBA Security. Introduction to CORBA — Why CORBA? The Object Management Group (OMG). The Object Management Architecture (OMA). The Common Object Request Broker Architecture (CORBA). How does it all work together? Creating and Running an Example Application. The Security Basics — What is Security? Why Security? Aspects of Security within CORBA. Security Management. Threats, Vulnerabilities, Countermeasures. Middleware Security |
| 650 #0 - SUBJECT ADDED ENTRY--TOPICAL TERM | |
| Topical term or geographic name entry element | Computer security |
| 650 #0 - SUBJECT ADDED ENTRY--TOPICAL TERM | |
| Topical term or geographic name entry element | CORBA (Computer architecture) |
| 650 #0 - SUBJECT ADDED ENTRY--TOPICAL TERM | |
| Topical term or geographic name entry element | Distributed databases |
| General subdivision | Security measures |
| 650 #0 - SUBJECT ADDED ENTRY--TOPICAL TERM | |
| Topical term or geographic name entry element | Distributed operating systems (Computers) |
| 651 ## - SUBJECT ADDED ENTRY--GEOGRAPHIC NAME | |
| Geographic name | E-BOOK |
| 700 1# - ADDED ENTRY--PERSONAL NAME | |
| Personal name | Schreiner, Rudolf |
| 942 ## - ADDED ENTRY ELEMENTS (KOHA) | |
| Source of classification or shelving scheme | |
| Koha item type | Book |
| Withdrawn status | Lost status | Source of classification or shelving scheme | Damaged status | Not for loan | Collection code | Permanent Location | Current Location | Date acquired | Total Checkouts | Full call number | Barcode | Date last seen | Price effective from | Koha item type |
|---|---|---|---|---|---|---|---|---|---|---|---|---|---|---|
| Military College of Signals (MCS) | Military College of Signals (MCS) | 12/12/2016 | 005.8 LAN | MCSEB-1290 | 12/08/2016 | 12/12/2016 | Book |
